Population of U.S. States Quiz - Statistics

General Stats
  • This quiz has been taken 8 times
  • The average score is 4 of 10
Answer Stats
Question Answer % Correct
What is the population of North Carolina? 10,700,000
100%
What is the population of Montana? 1,123,000
100%
What is the population of Ohio? 11,760,000
100%
What is the population of Maine? 1,385,000
100%
What is the population of Arkansas? 3,046,000
100%
What is the population of Nevada? 3,178,000
100%
What is the population of California? 39,030,000
100%
What is the population of Louisiana? 4,590,000
100%
What is the population of Missouri? 6,178,000
100%
What is the population of Vermont? 647,064
100%
What is the population of Indiana? 6,833,000
100%
What is the population of Alaska? 733,583
100%
What is the population of North Dakota? 779,261
100%
What is the population of Washington State? 7,786,000
67%
What is the population of Nebraska? 1,968,000
50%
What is the population of Florida? 22,240,000
50%
What is the population of Mississippi? 2,940,000
50%
What is the population of Texas? 30,030,000
50%
What is the population of New Jersey? 9,262,000
50%
What is the population of Alabama? 5,074,000
33%
What is the population of Minnesota? 5,717,000
33%
What is the population of Michigan? 10,030,000
0%
What is the population of Delaware? 1,018,000
0%
What is the population of Georgia? 10,910,000
0%
What is the population of Rhode Island? 1,094,000
0%
What is the population of Illinois? 12,580,000
0%
What is the population of Pennsylvania? 12,970,000
0%
What is the population of New Hampshire? 1,395,000
0%
What is the population of Hawaii? 1,440,000
0%
What is the population of West Virginia? 1,775,000
0%
What is the population of Idaho? 1,939,000
0%
What is the population of New York? 19,680,000
0%
What is the population of New Mexico? 2,113,000
0%
What is the population of Kansas? 2,937,000
0%
What is the population of Iowa? 3,201,000
0%
What is the population of Utah? 3,381,000
0%
What is the population of Connecticut? 3,626,000
0%
What is the population of Oklahoma? 4,020,000
0%
What is the population of Oregon? 4,240,000
0%
What is the population of Kentucky? 4,512,000
0%
What is the population of South Carolina? 5,283,000
0%
What is the population of Wyoming? 581,381
0%
What is the population of Colorado? 5,840,000
0%
What is the population of Wisconsin? 5,893,000
0%
What is the population of Maryland? 6,165,000
0%
What is the population of Massachusetts? 6,982,000
0%
What is the population of Tennessee? 7,051,000
0%
What is the population of Arizona? 7,359,000
0%
What is the population of Virginia? 8,684,000
0%
What is the population of South Dakota? 909,824
0%
No matching quizzes found
Score Distribution
Percent of People with Each Score
Percentile by Number Answered
Your Score History
You have not taken this quiz